Seeds and rights: new approaches to post-war agricultural rehabilitation in Sierra Leone (Record no. 55450)

000 -LEADER
fixed length control field 00487pab a2200181 454500
008 - FIXED-LENGTH DATA ELEMENTS--GENERAL INFORMATION
fixed length control field 180718b2002 xxu||||| |||| 00| 0 eng d
100 ## - MAIN ENTRY--PERSONAL NAME
Personal name Archibald, Steve
245 ## - TITLE STATEMENT
Title Seeds and rights: new approaches to post-war agricultural rehabilitation in Sierra Leone
260 ## - PUBLICATION, DISTRIBUTION, ETC.
Date of publication, distribution, etc. 2002
300 ## - PHYSICAL DESCRIPTION
Extent p.356-67.
362 ## - DATES OF PUBLICATION AND/OR SEQUENTIAL DESIGNATION
Dates of publication and/or sequential designation Dec
650 ## - SUBJECT ADDED ENTRY--TOPICAL TERM
Topical term or geographic name entry element Seeds - Sierra Leone
650 ## - SUBJECT ADDED ENTRY--TOPICAL TERM
Topical term or geographic name entry element Crops - Sierra Leone
650 ## - SUBJECT ADDED ENTRY--TOPICAL TERM
Topical term or geographic name entry element Crops
700 ## - ADDED ENTRY--PERSONAL NAME
Personal name Richards, Paul
773 ## - HOST ITEM ENTRY
Main entry heading Disasters
909 ## -
-- 55450
Holdings
Withdrawn status Lost status Damaged status Not for loan Permanent Location Current Location Date acquired Serial Enumeration / chronology Barcode Date last seen Price effective from Koha item type
        Indian Institute of Public Administration Indian Institute of Public Administration 2018-07-19 Volume no: 26, Issue no: 4 AR55895 2018-07-19 2018-07-19 Articles

Powered by Koha